000 00999cam a2200313 i 4500
003 EG-GICUC
005 20260121115634.0
008 950626s1996 mau frb 001 0 eng d
020 _a0205189946
_qalk. paper
020 _a9780205189946
_q(alk. paper)
040 _aDLC
_cDLC
_dDLC
_dEG-GICUC
_beng
_erda
050 0 0 _aKZ3185
_b.V6 1996
082 0 0 _a341.1
_221
092 0 4 _221
099 _aLaw 11 1996
100 1 _aVon Glahn, Gerhard,
_d1911-
245 1 0 _aLaw among nations :
_ban introduction to public international law /
_cGerhard von Glahn.
250 _a7th edition.
264 _aBoston :
_bAllyn and Bacon,
_c1996.
300 _axvii, 734 pages ;
_c25 cm.
336 _atext
_2rdacontent
337 _aComputer
_bn
_2rdamedia
338 _aOnline Resource
_2rdacarrier
504 _aIncludes bibliographical references and index.
650 0 _aInternational law.
856 4 0 _uhttps://fll.law.cu.edu.eg/fulltext/bks/ENGB11-00081.pdf
905 _a10
942 _2ddc
_cBK
_e21
_n0
999 _c58345
_d58345